General chemistry: (Record no. 183427)

000 -LEADER
fixed length control field 01188 a2200193 4500
003 - CONTROL NUMBER IDENTIFIER
control field Nust
005 - DATE AND TIME OF LATEST TRANSACTION
control field 20221011133615.0
010 ## - LIBRARY OF CONGRESS CONTROL NUMBER
LC control number 73013814
020 ## - INTERNATIONAL STANDARD BOOK NUMBER
International Standard Book Number 0070386854
040 ## - CATALOGING SOURCE
Transcribing agency Nust
082 00 - DEWEY DECIMAL CLASSIFICATION NUMBER
Classification number 540,LON
100 1# - MAIN ENTRY--PERSONAL NAME
Personal name Longo, Frederick R.
9 (RLIN) 99897
245 10 - TITLE STATEMENT
Title General chemistry:
Remainder of title interaction of matter, energy, and man /
Statement of responsibility, etc. Frederick R. Longo.
260 ## - PUBLICATION, DISTRIBUTION, ETC.
Place of publication, distribution, etc. New York,
Name of publisher, distributor, etc. McGraw-Hill
Date of publication, distribution, etc. [1974]
300 ## - PHYSICAL DESCRIPTION
Extent xxi, 765 p.
Other physical details illus.
Dimensions 24 cm.
505 ## - FORMATTED CONTENTS NOTE
Formatted contents note Atoms and Molecules (Page-1), Basic Concepts (Page-9), Electrons in Atoms (Page-37), The Periodic Law (Page-70), Valence Theory (Page-90), The Gaseous State (Page-151), Crystalline Solids (Page-187), Liquid and a Comparison of the Three States of Matter (Page-217), The Dissolved State (Page-242), Thermo chemistry and Thermodynamic (Page-276),Chemical Equilibrium (Page-313), Electrochemistry (Page-341), Acids, Bases and Ions Equilibra (Page-381), Electrolyte Solutions (Page-432), Organs Chemistry (Page-454), The Chemistry of the Living Cell (Page-514), Chemical Kinetics (Page-550), The Transition Metals (Page-645), Nuclear Chemistry (Page-693), The Environment (Page-720),
650 #0 - SUBJECT ADDED ENTRY--TOPICAL TERM
Topical term or geographic name entry element Chemistry.
942 ## - ADDED ENTRY ELEMENTS (KOHA)
Source of classification or shelving scheme
Koha item type Book
Holdings
Withdrawn status Lost status Source of classification or shelving scheme Damaged status Not for loan Permanent Location Current Location Shelving location Date acquired Full call number Barcode Date last seen Price effective from Koha item type Public note
          Military College of Signals (MCS) Military College of Signals (MCS) General Stacks 12/12/2016 540,LON MCS6463 12/08/2016 12/12/2016 Book Almirah No.25, Shelf No.2
© 2023 Central Library, National University of Sciences and Technology. All Rights Reserved.